• 首页
  • 本馆介绍
  • 公告通知
  • 最新文献
  • 馆藏检索
  • 电子资源
  • 读者导购
  • 参考咨询
  • 我的图书馆
  • 登录
  • 详细信息显示
  • 放入我的书架
  • 预约/预借图书
  • 作者相关作品
  • 分类相关作品
  • 丛书相关作品
  • 出版社相关作品

书目信息

  • 表格格式
  • 工作单格式
  • 卡片格式
题名:
史蒂芬·乔布斯大传
    
 
作者: 沛霖·泓露 主编
分册:  
出版信息: 北京   中国商业出版社  2015
页数: 356页
开本: 24cm
丛书名:
单 册:
中图分类: K837.125.38=6
科图分类:
主题词: 乔布斯--Qiao Bu Si--(Jobs, Steve Paul--1955-2011)--传记
电子资源:
ISBN: 978-7-5044-8854-1
000 00975nam0 22002411 450
001 349568
005 20161010154715.37
010    @a978-7-5044-8854-1@dCNY59.80
100    @a20151202d2015 em y0chiy50 ea
101 0  @achi
102    @aCN@b110000
105    @ay z 000yb
106    @ar
200 1  @a史蒂芬·乔布斯大传@AShi Di Fen Qiao Bu Si Da Chuan@dStephen Jobs biography@f沛霖·泓露主编@zeng
210    @a北京@c中国商业出版社@d2015
215    @a356页@d24cm
330    @a本书记录了在富有开创性的数字化商业时代一位令人羡慕的业界风云人物的经历和生活。乔布斯本人在生活和创业过程中经历的大起大落在本书中有详尽的讲述,对于其工作和人生的诸多变化,向读者展示一个真实的乔布斯和他缔造苹果帝国的过程。
510 1  @aStephen Jobs biography@zeng
606 0  @a乔布斯@AQiao Bu Si@c(Jobs, Steve Paul@f1955-2011)@x传记
690    @aK837.125.38=6@v5
701  0 @a沛霖·泓露@APei Lin Hong Lou@4主编
801  0 @aCN@bTANGWEI@20160730
905    @b0885665-9@dK837.125.38=6@e702HL@f5
    
    史蒂芬·乔布斯大传=Stephen Jobs biography/沛霖·泓露主编.-北京:中国商业出版社,2015
    356页;24cm
    
    
    ISBN 978-7-5044-8854-1:CNY59.80
    本书记录了在富有开创性的数字化商业时代一位令人羡慕的业界风云人物的经历和生活。乔布斯本人在生活和创业过程中经历的大起大落在本书中有详尽的讲述,对于其工作和人生的诸多变化,向读者展示一个真实的乔布斯和他缔造苹果帝国的过程。
●
相关链接 在E读中查询图书 在五车中查询图书 在当当中查询图书 在豆瓣中查询图书


正题名:史蒂芬·乔布斯大传     索取号:K837.125.38=6/702HL         预约/预借

序号 登录号 条形码 馆藏地/架位号 状态 备注
1 0885665   208856656   第二样本阅览室/ [索取号:K837.125.38=6/702HL] 在馆    
2 0885666   208856665   第二借阅区/ [索取号:K837.125.38=6/702HL] 在馆    
3 0885667   208856674   第二借阅区/ [索取号:K837.125.38=6/702HL] 在馆    
4 0885668   208856683   第二借阅区/ [索取号:K837.125.38=6/702HL] 在馆    
5 0885669   208856692   第二借阅区/ [索取号:K837.125.38=6/702HL] 在馆    
唐山师范学院图书馆 欢迎您!
大连网信软件有限公司© 版权所有